[Event "Ottawa op"]
[Site "Ottawa"]
[Date "1972.01.30"]
[Round "5.13"]
[White "Ferguson, Randal"]
[Black "Marshall, M."]
[Result "1-0"]
[WhiteElo "1338"]
[BlackElo "1613"]
[PlyCount "49"]
[EventDate "1972.01.29"]
[EventType "swiss"]
[EventRounds "5"]
[EventCountry "CAN"]
[SourceTitle "EXT 2022"]
[Source "ChessBase"]
[SourceDate "2021.10.06"]
[SourceVersion "1"]
[SourceVersionDate "2021.10.06"]
[SourceQuality "1"]

1. e4 c5 2. Nf3 Nc6 3. Bc4 e6 4. 0-0 d6 5. d4 cxd4 6. Nxd4 Nf6 7. Nxc6 bxc6 8. e5 Nd5 9. Bxd5 cxd5 10. exd6 Bxd6 11. Re1 0-0 12. b3 Qf6 13. c3 Ba6 14. Qf3 Qg6 15. Bf4 e5 16. Bxe5 Rfe8 17. Qxd5 Rad8 18. Nd2 Bxe5 19. Rxe5 h6 20. Rxe8+ Rxe8 21. h3 Rb8 22. Qe4 Qg5 23. Nf3 Qf6 24. Qe5 Qd8 25. Nd4 1-0